000 00989nam a2200253 a 4500
005 20191224041644.0
008 140306b1995 ck abdo|r|||| 00| 0 spa d
040 _aCO-BoIAVH
_cCO-BoIAVH
041 0 _aspa
044 _ack
082 0 4 _a551.48
_bA66i
100 1 _aArango, Gloria Lucía
245 1 0 _aImportancia y legado del proyecto cuenca alto Magdalena y sus centros experimentales
_bMemorias 1982 - 1994 /
_cGloria Lucía Arango
260 _aBogotá :
_bMinambiente :
_bINDERENA,
_c1995.
300 _a119 páginas :
_bilustraciones, mapas, tablas y gráficas ;
_c22 x 28 cm.
650 6 _aCuencas hidrográficas
_xProyectos
_vMemorias
_y1982-1994
650 4 _aManejo de cuencas hidrográficas
650 6 _aProyectos de investigación
650 6 _aEcosistemas
_xconservación
650 6 _aRecursos hídricos
650 6 _aConservación de los recursos
_xincentivos
662 _aColombia
_cRío Magdalena
942 _cLIBRO
_2ddc
999 _c2643
_d2643